[Event "Hamburg St Pauli op-B"]
[Site "Hamburg"]
[Date "2011.07.11"]
[Round "4"]
[White "Meyer, Thomas"]
[Black "Schaeffer, Philipp"]
[Result "1-0"]
[WhiteElo "1775"]
[BlackElo "1640"]
[PlyCount "63"]
[EventDate "2011.07.09"]
[EventType "swiss"]
[EventRounds "9"]
[EventCountry "GER"]
[SourceTitle "CBM 143 Extra"]
[Source "ChessBase"]
[SourceDate "2011.08.29"]
[SourceVersion "1"]
[SourceVersionDate "2011.08.29"]
[SourceQuality "1"]

1. e4 c5 2. f4 d5 3. Nc3 dxe4 4. Nxe4 e6 5. Bb5+ Bd7 6. Qe2 a6 7. Bxd7+ Qxd7 8. Nf3 Nc6 9. 0-0 Be7 10. d3 Nh6 11. Be3 Nd4 12. Bxd4 cxd4 13. Ne5 Qc7 14. Rac1 0-0 15. c3 dxc3 16. Rxc3 Qb6+ 17. Kh1 Rfd8 18. Rfc1 f6 19. Nc4 Qd4 20. Ng3 Qxf4 21. Qxe6+ Kf8 22. Nb6 Ng4 23. Rc7 Nf2+ 24. Kg1 Qd6 25. Qxd6 Bxd6 26. Nxa8 Nxd3 27. Rc8 Nxc1 28. Rxd8+ Ke7 29. Rc8 Nxa2 30. Nf5+ Kd7 31. Nxd6 Kxd6 32. Rg8 1-0

[Event "GER-chT WK U18 4th"]
[Site "Kiel"]
[Date "2008.05.31"]
[Round "2.1"]
[White "Juenger, Alexander"]
[Black "Schaeffer, Philipp"]
[Result "1-0"]
[WhiteElo "1124"]
[BlackElo "1263"]
[PlyCount "81"]
[EventDate "2008.05.31"]
[EventType "team-swiss"]
[EventRounds "7"]
[EventCountry "GER"]
[SourceTitle "EXT 2010"]
[Source "ChessBase"]
[SourceDate "2010.11.25"]
[SourceVersion "1"]
[SourceVersionDate "2010.11.25"]
[SourceQuality "1"]

1. e4 c5 2. c3 Nf6 3. e5 Nd5 4. Bc4 Nb6 5. Bb3 Nc6 6. d4 cxd4 7. cxd4 e6 8. Nf3 d5 9. Nc3 Be7 10. Be3 0-0 11. 0-0 f6 12. Rc1 fxe5 13. dxe5 Bd7 14. Ne2 Be8 15. Ned4 Qd7 16. Nxe6 Qxe6 17. Bxb6 Bf7 18. Bc5 Rfd8 19. Bxe7 Qxe7 20. Re1 Rd7 21. Qe2 Re8 22. Ba4 Qe6 23. Ng5 Qe7 24. e6 Qxg5 25. exf7+ Rxf7 26. Qxe8+ Rf8 27. Qe6+ Kh8 28. Bxc6 bxc6 29. Rxc6 d4 30. Rc8 Qf4 31. Rxf8+ Qxf8 32. Qe8 Qg8 33. Qxg8+ Kxg8 34. Re8+ Kf7 35. Rd8 Ke6 36. Rxd4 Ke5 37. Ra4 g5 38. Kf1 h5 39. Ke2 g4 40. Ke3 Kf5 41. Ra5+ 1-0

[Event "GER-chT U12"]
[Site "Verden an der Aller"]
[Date "2007.12.30"]
[Round "7.3"]
[White "Zahn, Fabian"]
[Black "Schaeffer, Philipp"]
[Result "0-1"]
[WhiteElo "957"]
[BlackElo "1234"]
[PlyCount "110"]
[EventDate "2007.12.27"]
[EventType "team-swiss"]
[EventRounds "7"]
[EventCountry "GER"]
[SourceTitle "EXT 2009"]
[Source "ChessBase"]
[SourceDate "2008.11.26"]
[SourceVersion "1"]
[SourceVersionDate "2008.11.26"]
[SourceQuality "1"]
[WhiteTeam "Gruendau U12"]
[BlackTeam "Hamburg Weisse Dame U12"]
[WhiteTeamCountry "GER"]
[BlackTeamCountry "GER"]

1. e4 c5 2. Nf3 d6 3. Nc3 Nf6 4. a3 Bd7 5. e5 dxe5 6. Nxe5 Qc7 7. Nxd7 Nbxd7 8. Be2 e6 9. 0-0 Bd6 10. g3 a6 11. b4 cxb4 12. axb4 Bxb4 13. Nb5 Qc6 14. c3 Bc5 15. d4 Bb6 16. c4 0-0 17. c5 axb5 18. Rxa8 Rxa8 19. cxb6 Qxb6 20. Be3 Qa5 21. Qb1 b4 22. Bd2 Nd5 23. Qc2 Nc3 24. Bd3 g6 25. Rc1 Rc8 26. Qb3 Nb6 27. Qb2 Nbd5 28. Ra1 Qb6 29. Bh6 Qxd4 30. Rd1 Qb6 31. Rc1 Qa5 32. Qb1 f5 33. Qb2 b5 34. Ra1 Qc7 35. Rc1 Qc6 36. Rd1 Ra8 37. Ra1 Rxa1+ 38. Qxa1 Kf7 39. Qa7+ Qc7 40. Qa8 Kf6 41. Qh8+ Ke7 42. Qxh7+ Kd6 43. Qxg6 Ne7 44. Qe8 Nc6 45. Qg6 Kd5 46. Qg5 Qe5 47. Bg7 Qe1+ 48. Kg2 b3 49. Qe3 Qxe3 50. fxe3 b4 51. h4 b2 52. h5 b1Q 53. Bxb1 Nxb1 54. h6 Ne7 55. Kf2 Ng6 0-1

[Event "GER-chT U12"]
[Site "Verden an der Aller"]
[Date "2007.12.29"]
[Round "5.3"]
[White "Wagner, Christian"]
[Black "Schaeffer, Philipp"]
[Result "1-0"]
[WhiteElo "1451"]
[BlackElo "1234"]
[PlyCount "69"]
[EventDate "2007.12.27"]
[EventType "team-swiss"]
[EventRounds "7"]
[EventCountry "GER"]
[SourceTitle "EXT 2009"]
[Source "ChessBase"]
[SourceDate "2008.11.26"]
[SourceVersion "1"]
[SourceVersionDate "2008.11.26"]
[SourceQuality "1"]
[WhiteTeam "Berlin TuS Makkabi U12"]
[BlackTeam "Hamburg Weisse Dame U12"]
[WhiteTeamCountry "GER"]
[BlackTeamCountry "GER"]

1. e4 c5 2. Nf3 d6 3. c3 Nc6 4. d4 Nf6 5. Bd3 Bg4 6. Be3 Qb6 7. Qb3 Qxb3 8. axb3 Bxf3 9. gxf3 cxd4 10. cxd4 Nb4 11. Bb5+ Nd7 12. Kd2 Nc6 13. Nc3 g6 14. f4 Bg7 15. Ne2 a6 16. d5 Ncb8 17. Bd4 0-0 18. Bd3 e5 19. Bc3 Nc5 20. Bc2 Nbd7 21. b4 Nxe4+ 22. Bxe4 f5 23. Bc2 Bh6 24. Kd1 exf4 25. Bd2 f3 26. Bxh6 fxe2+ 27. Kxe2 Rfe8+ 28. Kd1 Re5 29. Bb3 Rae8 30. Bd2 Nb6 31. Re1 Kf8 32. Rxe5 dxe5 33. Be3 Nxd5 34. Bh6+ Ke7 35. Bxd5 1-0

[Event "GER North-chT U16"]
[Site "Magdeburg"]
[Date "2006.08.28"]
[Round "5.2"]
[White "Schaeffer, Philipp"]
[Black "Konow, Philipp"]
[Result "0-1"]
[WhiteElo "1467"]
[BlackElo "1368"]
[PlyCount "54"]
[EventDate "2006.08.26"]
[EventType "team"]
[EventRounds "7"]
[EventCountry "GER"]
[SourceTitle "EXT 2007"]
[Source "ChessBase"]
[SourceDate "2006.11.23"]
[SourceVersion "1"]
[SourceVersionDate "2006.11.23"]
[SourceQuality "1"]

1. e4 c5 2. Nf3 Nc6 3. d4 cxd4 4. Nxd4 Nf6 5. Nc3 e5 6. Ndb5 d6 7. Bg5 a6 8. Na3 b5 9. Nd5 Be7 10. c4 Nxe4 11. Bxe7 Nxe7 12. cxb5 0-0 13. Qc2 f5 14. Bc4 Kh8 15. Rd1 Bb7 16. 0-0 Rc8 17. Qe2 Rxc4 18. Qxc4 Nxd5 19. Rxd5 Qg5 20. Rfd1 Nf6 21. h4 Qg6 22. h5 Qg5 23. Qc7 Bxd5 24. Rxd5 Nxd5 25. Qc6 Nf4 26. bxa6 d5 27. a7 Qxg2# 0-1

[Event "GER North-chT U16"]
[Site "Magdeburg"]
[Date "2006.08.27"]
[Round "3.2"]
[White "Haniszewski, Patrick"]
[Black "Schaeffer, Philipp"]
[Result "0-1"]
[WhiteElo "921"]
[BlackElo "1467"]
[PlyCount "66"]
[EventDate "2006.08.26"]
[EventType "team"]
[EventRounds "7"]
[EventCountry "GER"]
[SourceTitle "EXT 2007"]
[Source "ChessBase"]
[SourceDate "2006.11.23"]
[SourceVersion "1"]
[SourceVersionDate "2006.11.23"]
[SourceQuality "1"]

1. e3 d5 2. d4 Nf6 3. c4 c6 4. Qb3 Nbd7 5. Bd3 e5 6. Nc3 e4 7. Bb1 Nb6 8. cxd5 cxd5 9. Nge2 Bd6 10. Nf4 Bc7 11. 0-0 g5 12. Nfe2 Qd6 13. Ng3 h5 14. Qa3 Qd7 15. f3 h4 16. Nge2 exf3 17. Rxf3 Qg4 18. Rf2 h3 19. g3 Nh5 20. Kf1 Nxg3+ 21. hxg3 Bxg3 22. Nxg3 Qxg3 23. Ke2 h2 24. Rxh2 Rxh2+ 25. Kd3 Bf5+ 26. Ne4 Bxe4+ 27. Kc3 Qc7+ 28. Qc5 Na4+ 29. Kb4 Nxc5 30. dxc5 Rh4 31. a4 Bxb1+ 32. Ka3 Qa5 33. Rxb1 Qxa4# 0-1